| 000 | 00724nam a22002297a 4500 | ||
|---|---|---|---|
| 999 |
_c12745 _d12745 |
||
| 003 | AR-CdUCM | ||
| 008 | 190410b ||||| |||| 00| 0 spa d | ||
| 040 |
_aMUNICIPALIDAD PROVINCIAL DEL CUSCO _cBIBLIOTECA MUNICIPAL DEL CUSCO |
||
| 082 |
_aEP / 895.1 / _bZ76 |
||
| 100 |
_aZi, Ju _930781 |
||
| 245 | _aViaje en el mar / | ||
| 260 |
_aBejinf : _bEdiciones en lenguas extranjeras, _c1982. |
||
| 300 |
_a14 paginas ; _bIlustraciones, Graficos, Dibujos, _c21 cm. |
||
| 500 | _aTexto educativo para niƱos | ||
| 650 |
_aHistorias _9862 |
||
| 650 |
_aCuentos _944644 |
||
| 650 |
_aTexto educativos _929387 |
||
| 650 |
_aBeijing _930782 |
||
| 700 |
_aDaisheng, Wu _930783 |
||
| 942 |
_2ddc _cLIBROS |
||
| 945 |
_apjha _d2019-04-10 |
||